000 00545nam a22002057a 4500
005 20260502140156.0
020 _a9788131510315
041 _aENG
082 _a658.404
_bGID
100 _aGido, Jack.
245 _aProject management /
_cJack Gido, James P. Clements.
260 _aNew Delhi :
_bCengage Learning ,
_c2007.
300 _a374 pages ;
_c24 cm.
504 _aincludes index.
650 _aProject management.
650 _aProject planning.
650 _aTime management.
700 _aClements, James P.
942 _2ddc
_cBK
999 _c24325
_d24325